Quiz o Bośni i Hercegowinie - Statystyki

Ogólne statystyki
  • Ten quiz został rozwiązany 14 razy
  • Średni wynik to 9 z 15
Statystyki odpowiedzi
Wskazówka Odpowiedź % Poprawnych
Liczba ludności w milionach (ok.) 3 mln
100%
Język urzędowy Bośniacki | Chorwacki | Serbski
100%
Na jej fladze jest najwięcej ______ ze wszystkich flag europejskich Gwiazd
100%
Stolica Sarajewo
100%
Morze, do którego ma dostęp Morze Adriatyckie
89%
... a jak państwo, które zajmuje całą resztę tego wybrzeża? Chorwacja
67%
Pasmo górskie przebiegające przez kraj Góry Dynarskie
56%
Waluta Marka zamienna
56%
Największy partner handlowy Niemcy
56%
Austro-węgierski arcyksiążę, który w 1914 r. został postrzelony w stolicy Bośni i Hercegowiny Franciszek Ferdynand Habsburg
44%
Kraj ma dostęp do morza jedynie na długości ok. 18 km. Jak nazywa się korytarz, który mu na to pozwala... Korytarz Neum
44%
Burunija - gulasz z zielonej _______ Fasoli
33%
Znajduje się tu ostatni las _________ w Europie Deszczowy
22%
Bośnia nie posiada telewizji publicznej. Co się z nią stało? Zbankrutowała
22%
Most niedawno wybudowany przez powyższe państwo, który ma łączyć główną część kraju z eksklawą oddzieloną przez Bośnię i Hercegowinę Pelješki most
0%
Nie znaleziono quizów pasujących do podanych kryteriów
Rozkład punktacji
Procent ludzi z każdym wynikiem
Percentyl według liczby udzielonych odpowiedzi
Twoja historia wyników
Nie rozwiązałeś tego quizu